000 00491nam a2200169Ia 4500
005 20250508155430.0
008 008 250505s9999 xx 000 0 hin d
037 _aBooks to be hide in OPAC
040 _aFEDL
_beng
_cFEDL
041 _ahin
_2eng
084 _a372, IND/O
_qFEDL
245 0 _aUttar buniyadi aur bahudeshiye schoolon ke ekkikaran ke liye niyukt simiti ki report
260 _c1962
300 _a37p.
942 _cHB
_h372, IND/O
999 _c1356833
_d1356833